MDQL
is popping MORE tags! Check the
thread
!
Quizzes
Events
Quiz Creation
Community
Videos
Private Events
Remove Ads
Sign In
Join for FREE
Feedback
Dark Mode
Quiz Categories
Sports
Geography
Music
Movies
Television
Just For Fun
Miscellaneous
History
Literature
Language
Science
Gaming
Entertainment
Religion
Holiday
For Kids
Quiz Lab
Recent
Popular Today
Quiz Kudos Today
Editor Picks
Curator Picks
Quizzes by...
Day
Popularity
Type
Ratings
Length
Year
Community
Subscriptions
Recent Discussions
Orange Saloon
Badges
Playlists
Quests
Create
Leaderboards
Showdown
Live 5
Trivia Bingo
Activity
Puzzle Library
Sporcle Events
Private Events
Virtual Trivia
Globe League
Become a Host
Pub Owners
SporcleCon
Opinionation
Our Games
Videos
Blog
Mobile Apps
Partnerships
Remove Ads and Go Orange
Feedback
Sports
Athletes
MLB
NBA
NHL
NFL
Soccer
Sports Teams
WWE
NCAA
Football
Premier League
Basketball
Baseball
Hockey
Golf
Tennis
Cricket
Rugby
Auto Racing
Olympics
World Cup
Sports
Athletes
MLB
NBA
NHL
NFL
Soccer
Sports Teams
WWE
NCAA
Football
Premier League
Basketball
Baseball
Hockey
Golf
Tennis
Cricket
Rugby
Auto Racing
Olympics
World Cup
Random Quiz
Search Sporcle
×
Quiz Lab
Quiz Lab
Sports
NFL
Type in answers that appear in a list
Type in answers that appear in a list
Classic
Best Score? Go Orange.
NFL Receiving TDs Leaders By Year Stats
Can you name the NFL Receiving TDs Leaders By Year?
By
raylew52
10m
40 Questions
341 Plays
341 Plays
341 Plays
Comments
Comments
Give Quiz Kudos
Give Quiz Kudos
-
- Ratings
hide this ad
Replay
Link that replays current quiz
Next Quiz
Link to next quiz in quiz playlist
You Got
0%
They Got
Avg Score
61%
Avg Friend Score
Upgrade to see
Score Distribution
Jump to the score distribution portion of the page
Score
0/40
Timer
10:00
0
Plays Today
Year
WR name
% Correct
2009
Vernon Davis, Randy Moss, Larry Fitzgerald
98.8%
2007
Randy Moss
98.8%
2003
Randy Moss
98.8%
2000
Randy Moss
98.8%
1998
Randy Moss
98.8%
2008
Larry Fitzgerald, Calvin Johnson
98.2%
2005
Steve Smith, Marvin Harrison
97.7%
1993
Jerry Rice, Andre Rison
95.6%
1991
Jerry Rice
95.6%
1990
Jerry Rice
95.6%
1989
Jerry Rice
95.6%
1987
Jerry Rice
95.6%
1986
Jerry Rice
95.6%
2006
Terrell Owens
93%
2002
Terrell Owens
93%
2001
Terrell Owens
93%
1999
Cris Carter
90%
1997
Cris Carter
90%
1995
Cris Carter, Carl Pickens
90%
2004
Muhsin Muhammad
75.1%
Year
WR name
% Correct
1994
Sterling Sharpe
72.7%
1992
Sterling Sharpe
72.7%
1988
Mark Clayton
55.1%
1984
Mark Clayton
55.1%
1975
Lynn Swann, Mel Gray
54.3%
1996
Michael Jackson, Tony Martin
38.1%
1973
Harold Jackson
36.7%
1976
Cliff Branch
21.4%
1974
Cliff Branch
21.4%
1980
John Jefferson
20.5%
1978
John Jefferson
20.5%
1971
Paul Warfield
20.2%
1979
Stanley Morgan
19.9%
1983
Roy Green
17.3%
1977
Nat Moore
14.4%
1982
Wes Chandler
14.1%
1972
Gene Washington
10%
1981
Alfred Jenkins, Steve Watson
6.5%
1970
Dick Gordon
2.9%
1985
Daryl Turner
2.1%
Quiz Playlist
Details
Report
Send in Message
Add To Playlist
Classic:
Type in answers that appear in a list
Last Updated: Feb 16, 2017
Quiz Scoreboard
CHALLENGE
Sign Up to Join the Scoreboard
Show All
Scores
Hide
Comments
May contain spoilers
Recently Published
Street Fighter Characters
by Artimus82
Gaming
60s
9x9 Crossword: Cartoon Network
by jackfrog10
Miscellaneous
3m
College Basketball Coaching Resumes
by pancakes188
Sports
9m
More to Explore
Quiz From the Vault
Featured Blog Post
Where Did the Easter Bunny Come From?
hide this ad
You Might Also Like...
Tags
Football Quiz
NFL Quiz
Receiving Touchdowns
TD Leaders
TD Receptions
Wide Receivers
Today's Top Quizzes in Sports
Browse Sports
hide this ad
Today's Top Quizzes in NFL
Browse NFL
Top Contributed Quizzes in Sports
1
2022 World Cup Stars
2
Les meilleurs buteurs des matchs entre le PSG et l’OM
3
FIFA Club World Cup Champions
4
Les entraîneurs de l'OM et du PSG au 21e siècle
5
Criteria MLB: Left Handed Sluggers
6
2023 MLB Unique Player Accomplishments
7
AFC Teams Reveal (Wrong Answers Minefield)
8
5-to-1: FBS Animal Nicknames
9
Players with Multiple 50 Home Run Seasons
10
5-to-1: UK Sports Teams
Explore More
Trending Topics
Anime
Marvel
NBA
Crossword
Harry Potter
Disney
Kpop
Soccer
The Office
Country
NFL
WWE
Song
Pokémon
Puzzle
hide this ad
More By:
raylew52
Quiz
Plays
Rating
Category
Featured
Created
MLB 30 HR Seasons (Shortstops)
28,182
4.46
Sports
Sep 29, 2011
The NFL's 30-30 Club (Sacks/INTs)
1,446
3.00
Sports
Nov 21, 2010
Top 50 QB Passing Leaders of the 2010s
960
2.14
Sports
Jan 12, 2012
Teams of AFC Fans roast
401
3.17
Sports
Sep 6, 2010
NFL Receiving TDs Leaders By Year
341
4.67
Sports
Dec 4, 2010
Go to Creator's Profile
Score Distribution
Quiz Creator Spotlight
raylew52
Follow
Send a Message
Quizzes Created
-
Created Quiz Play Count
-
More By This Creator
Popular Quizzes Today
1
Find the US States - No Outlines Minefield
2
Find the Countries of Europe - No Outlines Minefield
3
The Countries of the World
4
Find the US States
5
Risky Map Clicking: Biggest States A-Z
6
US States
7
Popular People in 1961
8
Movies - When Are They Set?
More Sports Quizzes
World Cup Profile: Belgium
Quiz Lab
Trending Quizzes
Risky Map Clicking: Least Populous States A-Z
Countries of the World: 200 Million BC
1-10 Letter G Words
Risky Map Clicking: Next State Alphabetically
Adjectives in 80s TV Shows
Recently Updated
Leaping Animals
pecheneg
Reality TV Shows (A-Z)
bhenderson79
Rickey Henderson's Hall of Fame Teammates
pecheneg
Champions League XIs: Arsenal
pecheneg
Quick Pick: Celebrities in WWE's Hall of Fame
aduchscher
A-Z Keypad Blitz II
pecheneg
Multiple Oscar Actors
pecheneg
Mystery Phrase Blitz: Oscar 'Best Actors'
pecheneg
F. Scott Fitzgerald Novels
LTH
Pick 3 Villains
ddd62291
Trending Topics
Anime
Crossword
Harry Potter
Marvel
Kpop
Disney
NBA
The Office
NFL
Puzzle
Country
Soccer
Song
Pokémon
WWE
Your Account Isn't Verified!
In order to create a playlist on Sporcle, you need to verify the email address you used during registration. Go to your
Sporcle Settings
to finish the process.
Report this User
Report this user for behavior that violates our
Community Guidelines
.
Details:
Send Report
Go to the Sporcle.com Mobile Site →
Comments